Witamy w Bibliotece Naukowej Instytutu Łączności!

Kontinuierliche Bestimmung von Korrelationsfunktionen bei nicht streng stationaeren Prozessen : (Rekord nr 5384)

000 -LEADER
fixed length control field 00363 a2200085 4500
100 1# - MAIN ENTRY--PERSONAL NAME
Personal name Frank, Hermann.
Relator term Autor
245 0# - TITLE STATEMENT
Title Kontinuierliche Bestimmung von Korrelationsfunktionen bei nicht streng stationaeren Prozessen :
Remainder of title Dissertation... /
Statement of responsibility, etc Frank Hermann.
260 ## - PUBLICATION, DISTRIBUTION, ETC. (IMPRINT)
Place of publication, distribution, etc Stuttgart :
Name of publisher, distributor, etc Technische Hochschule,
Date of publication, distribution, etc 1965.
300 ## - PHYSICAL DESCRIPTION
Extent 80 s.;
Dimensions 25 cm.
710 2# - ADDED ENTRY--CORPORATE NAME
Corporate name or jurisdiction name as entry element Technische Hochschule.
Relator term Wydawca
Relator code pbl
Egzemplarze
Withdrawn status Lost status Source of classification or shelving scheme Damaged status Not for loan Permanent Location Current Location Shelving location Date acquired Cost, normal purchase price Inventory number Full call number Barcode Date last seen Price effective from Koha item type
          Instytut Łączności Instytut Łączności Magazyn 1968-03-24 0.00 23862 23862 23862 2022-10-12 2017-11-30 Książki

Działa dzięki Koha